000 01080nam a22002417a 4500
003 OSt
005 20260211082701.0
008 240820b ||||| |||| 00| 0 eng d
040 _c0
082 _aDPer 320.05 As421 April-December 2020 v. 28 n. 1-3
100 _aFebriansyah, Muhammad.
_eauthor.
_958476
245 _aCompeting not complementing :
_bKPU, Bawaslu, and the dynamic of election monitoring in PEMILU 2019 /
_cMuhammad Febriansyah, Muhamad Takiyuddin Ismail, and Norazam Mohd Noor.
260 _aUnited Kingdom ;
_bTaylor & Francis Group ,
_cDecember 2020.
300 _aVolume 28, pages 275-293 :
_c26 cm.
500 _aAsian Journal of Political Science, vol. 28, no. 3, pages 275-293, December 2020.
650 0 _aElection monitoring in Indonesia.
_967028
650 0 _aCivil society in Indonesia.
_967029
650 0 _aGeneral election commission of Indonesia (KPU).
_967030
700 _aFebriansyah, Muhammad.
_eauthor.
_958476
700 _aIsmail, Muhamad Takiyuddin.
_eauthor.
_958477
700 _aNoor, Norazam Mohd.
_eauthor.
_958478
942 _2ddc
_cPER
999 _c20704
_d20704